| 000 | 00795nam a22001817a 4500 | ||
|---|---|---|---|
| 003 | OSt | ||
| 005 | 20251215164212.0 | ||
| 008 | 251215b |||||||| |||| 00| 0 eng d | ||
| 040 | _cDCL | ||
| 082 | _a၂၉၄.၃၈၂၄ | ||
| 100 |
_aမုနိန္ဒာဘိဝံသ၊ _cအရှင်။ |
||
| 245 | 1 | 0 |
_aဋီကာကျော်ရှင်းတမ်း၊ _nပထမတွဲ / _cအရှင်မုနိန္ဒာဘိဝံသ။ |
| 264 |
_aရန်ကုန် ၊ _bယုံကြည်ချက်စာပေ၊ _c၂၀၁၅။ |
||
| 300 |
_a၄၅၇ စာမျက်နှာ ၊ _c၂၃ စင်တီ။ |
||
| 650 |
_aဋီကာ _vအမေးအဖြေ |
||
| 650 | _aအဘိဓမ္မာ | ||
| 942 |
_2ddc _cSHORT TERM _n0 |
||
| 999 |
_c2722 _d2722 |
||